Tulou Tagaloa - lyrics / Olivia Foa'i | Moana - Statistics

General Stats
  • This quiz has been taken 8 times
  • The average score is 34 of 48
Answer Stats
Tahiti Lyrics % Correct
Tagaloa
100%
Tu
100%
Tahitian Tulou
100%
Tulou
100%
E
75%
E
75%
E
75%
E
75%
E
75%
E
75%
(E
75%
I
75%
I
75%
(Ko
75%
Lalolagi
75%
Lalolagi
75%
Le
75%
Le
75%
Le
75%
Le
75%
Ma
75%
Mai
75%
Mai
75%
Mai
75%
Mānaia
75%
Mānaia
75%
Mātou
75%
O
75%
ōlaga
75%
Sei
75%
Sei
75%
Sei
75%
Sei
75%
Tātou
75%
Tātou
75%
Va'ai
75%
Va'ai
75%
Va'ai
75%
Atu)
50%
Au
50%
Lelei
50%
Malaga)
50%
Mālamalama
50%
Manatu)
50%
Taunuku
50%
Te
50%
(Toku
50%
Ia
25%
No matching quizzes found
Score Distribution
Percent of People with Each Score
Percentile by Number Answered
Your Score History
You have not taken this quiz